[Event "Sachsen-ch Seniors op 17th"]
[Site "Dresden"]
[Date "2009.02.17"]
[Round "9"]
[White "Weiss, Herbert1111"]
[Black "Auerswald, Gerd"]
[Result "1/2-1/2"]
[WhiteElo "1287"]
[BlackElo "912"]
[PlyCount "82"]
[EventDate "2009.02.09"]
[EventType "swiss"]
[EventRounds "9"]
[EventCountry "GER"]
[SourceTitle "EXT 2022"]
[Source "ChessBase"]
[SourceDate "2021.10.06"]
[SourceVersion "1"]
[SourceVersionDate "2021.10.06"]
[SourceQuality "1"]

1. f4 d5 2. Nf3 e6 3. d4 Nc6 4. e3 a6 5. Be2 Bb4+ 6. c3 Be7 7. 0-0 h6 8. Nbd2 Nf6 9. Bd3 0-0 10. Ne5 Bd7 11. Qc2 Na5 12. b3 c5 13. Ndf3 Bb5 14. c4 dxc4 15. bxc4 Bc6 16. Nxc6 Nxc6 17. a3 cxd4 18. e4 Bc5 19. h3 Re8 20. e5 Nd7 21. Kh1 f6 22. Bg6 Rf8 23. Re1 f5 24. Bh5 Qe7 25. Qe2 Na5 26. Rb1 Bxa3 27. g3 Bc5 28. Nh4 Qd8 29. Ng6 Rf7 30. Qd3 Nf8 31. Ba3 Nxg6 32. Bxc5 Qd7 33. Bd6 Qc6+ 34. Kh2 Qxc4 35. Qxc4 Nxc4 36. Bxg6 Rd7 37. Rbd1 Nxd6 38. exd6 Rxd6 39. Rd2 e5 40. Bh5 e4 41. Red1 d3 1/2-1/2

[Event "Sachsen-ch Seniors op 17th"]
[Site "Dresden"]
[Date "2009.02.13"]
[Round "5"]
[White "Auerswald, Gerd"]
[Black "Zanger, Konrad"]
[Result "0-1"]
[WhiteElo "912"]
[BlackElo "1596"]
[PlyCount "54"]
[EventDate "2009.02.09"]
[EventType "swiss"]
[EventRounds "9"]
[EventCountry "GER"]
[SourceTitle "EXT 2022"]
[Source "ChessBase"]
[SourceDate "2021.10.06"]
[SourceVersion "1"]
[SourceVersionDate "2021.10.06"]
[SourceQuality "1"]

1. e4 d6 2. Nf3 e5 3. h3 Nf6 4. Nc3 Be7 5. Bc4 0-0 6. d4 Nc6 7. d5 Na5 8. Qd3 b6 9. 0-0 Nb7 10. Re1 a6 11. Qe2 b5 12. Bd3 Nc5 13. a3 Bb7 14. b4 Ncd7 15. Bb2 Rc8 16. a4 c6 17. Nd2 g6 18. a5 cxd5 19. exd5 Bxd5 20. Nxd5 Nxd5 21. c3 Nxc3 22. Bxc3 Rxc3 23. f3 d5 24. Rac1 Rxc1 25. Rxc1 Qe8 26. f4 e4 27. Rb1 exd3 0-1